[Event "XLIV Memoriał Szachowy Ludwika Zamenhofa 2025, Grupa B"]
[Site "Bialystok, Poland"]
[Date "2025.12.28"]
[Round "4.13"]
[White "Kaminski, Jan"]
[Black "Lewczuk, Jakub"]
[Result "1-0"]
[TimeControl "90'+30\""]
[WhiteElo "1922"]
[BlackElo "1805"]

1. e4 {[%clk 01:30:59]} {[%emt 03:09:03]} c6 {[%clk 01:30:44]} {[%emt
00:00:17]} 2. d4 {[%clk 01:31:25]} {[%emt 00:00:04]} d5 {[%clk 01:30:55]}
{[%emt 00:00:18]} 3. exd5 {[%clk 01:31:04]} {[%emt 00:00:52]} cxd5 {[%clk
01:30:52]} {[%emt 00:00:34]} 4. Bd3 {[%clk 01:31:27]} {[%emt 00:00:05]} Nc6
{[%clk 01:30:54]} {[%emt 00:00:28]} 5. c3 {[%clk 01:31:53]} {[%emt 00:00:04]}
Nf6 {[%clk 01:31:11]} {[%emt 00:00:13]} 6. Bf4 {[%clk 01:32:18]} {[%emt
00:00:04]} g6 {[%clk 01:28:08]} {[%emt 00:03:35]} 7. Nf3 {[%clk 01:32:11]}
{[%emt 00:00:37]} Bg7 {[%clk 01:28:17]} {[%emt 00:00:20]} 8. Nbd2 {[%clk
01:32:05]} {[%emt 00:00:37]} O-O {[%clk 01:27:08]} {[%emt 00:01:38]} 9. h3
{[%clk 01:32:21]} {[%emt 00:00:15]} Re8 {[%clk 01:27:04]} {[%emt 00:00:34]} 10.
O-O {[%clk 01:20:00]} {[%emt 00:12:50]} Nh5 {[%clk 01:17:24]} {[%emt 00:10:10]}
11. Bh2 {[%clk 01:18:13]} {[%emt 00:02:17]} a6 {[%clk 01:14:08]} {[%emt
00:03:48]} 12. a4 {[%clk 01:16:25]} {[%emt 00:02:17]} b6 {[%clk 00:59:15]}
{[%emt 00:15:24]} 13. Re1 {[%clk 01:15:06]} {[%emt 00:01:48]} Bb7 {[%clk
00:56:18]} {[%emt 00:03:26]} 14. Bf1 {[%clk 00:55:57]} {[%emt 00:19:39]} e6
{[%clk 00:48:41]} {[%emt 00:08:10]} 15. Ne5 {[%clk 00:51:22]} {[%emt 00:05:05]}
Bxe5 {[%clk 00:48:13]} {[%emt 00:00:56]} 16. Bxe5 {[%clk 00:48:59]} {[%emt
00:02:54]} Nxe5 {[%clk 00:48:33]} {[%emt 00:00:10]} 17. Rxe5 {[%clk 00:48:39]}
{[%emt 00:00:51]} Ng7 {[%clk 00:48:52]} {[%emt 00:00:12]} 18. Nf3 {[%clk
00:47:51]} {[%emt 00:01:15]} f6 {[%clk 00:47:53]} {[%emt 00:01:32]} 19. Re1
{[%clk 00:47:55]} {[%emt 00:00:24]} Qd6 {[%clk 00:47:54]} {[%emt 00:00:29]} 20.
Qb3 {[%clk 00:44:45]} {[%emt 00:03:41]} Kh8 {[%clk 00:44:26]} {[%emt 00:03:58]}
21. Rad1 {[%clk 00:44:41]} {[%emt 00:00:34]} Rac8 {[%clk 00:43:44]} {[%emt
00:01:11]} 22. Rd2 {[%clk 00:42:04]} {[%emt 00:03:07]} Re7 {[%clk 00:42:28]}
{[%emt 00:01:47]} 23. g3 {[%clk 00:37:42]} {[%emt 00:04:51]} Nf5 {[%clk
00:42:24]} {[%emt 00:00:35]} 24. Bg2 {[%clk 00:36:24]} {[%emt 00:01:47]} Qc6
{[%clk 00:41:36]} {[%emt 00:01:13]} 25. Rde2 {[%clk 00:35:45]} {[%emt
00:01:14]} Rce8 {[%clk 00:39:37]} {[%emt 00:02:30]} 26. g4 {[%clk 00:34:24]}
{[%emt 00:01:51]} Nd6 {[%clk 00:37:38]} {[%emt 00:02:28]} 27. g5 {[%clk
00:31:15]} {[%emt 00:03:40]} f5 {[%clk 00:37:52]} {[%emt 00:00:15]} 28. Ne5
{[%clk 00:31:05]} {[%emt 00:00:40]} Qc7 {[%clk 00:37:41]} {[%emt 00:00:41]} 29.
h4 {[%clk 00:27:37]} {[%emt 00:03:59]} Nc4 {[%clk 00:34:56]} {[%emt 00:03:16]}
30. Qd1 {[%clk 00:26:26]} {[%emt 00:01:38]} Nxe5 {[%clk 00:33:01]} {[%emt
00:02:27]} 31. Rxe5 {[%clk 00:26:50]} {[%emt 00:00:06]} h5 {[%clk 00:31:26]}
{[%emt 00:02:05]} 32. gxh6 {[%clk 00:18:44]} {[%emt 00:08:36]} Kh7 {[%clk
00:29:42]} {[%emt 00:02:13]} 33. Qd2 {[%clk 00:18:47]} {[%emt 00:00:29]} Qd6
{[%clk 00:28:21]} {[%emt 00:01:50]} 34. Qg5 {[%clk 00:18:24]} {[%emt 00:00:53]}
Rf7 {[%clk 00:26:52]} {[%emt 00:01:59]} 35. Bf3 {[%clk 00:16:13]} {[%emt
00:02:40]} Qe7 {[%clk 00:23:56]} {[%emt 00:03:27]} 36. Rxe6 {[%clk 00:11:22]}
{[%emt 00:05:21]} Qxe6 {[%clk 00:23:54]} {[%emt 00:00:32]} 37. Rxe6 {[%clk
00:11:51]} {[%emt 00:00:01]} Rxe6 {[%clk 00:24:05]} {[%emt 00:00:19]} 38. Kh2
{[%clk 00:10:51]} {[%emt 00:01:29]} Ref6 {[%clk 00:23:55]} {[%emt 00:00:42]} 39.
Qf4 {[%clk 00:09:32]} {[%emt 00:01:48]} Bc6 {[%clk 00:23:15]} {[%emt 00:01:10]}
40. b3 {[%clk 00:08:15]} {[%emt 00:01:47]} b5 {[%clk 00:23:20]} {[%emt
00:00:27]} 41. a5 {[%clk 00:06:57]} {[%emt 00:01:46]} Re7 {[%clk 00:22:34]}
{[%emt 00:01:16]} 42. Qg5 {[%clk 00:07:00]} {[%emt 00:00:26]} Ref7 {[%clk
00:22:19]} {[%emt 00:00:45]} 43. b4 {[%clk 00:05:18]} {[%emt 00:02:12]} Bb7
{[%clk 00:21:35]} {[%emt 00:01:15]} 44. Kg2 {[%clk 00:05:13]} {[%emt 00:00:35]}
Bc6 {[%clk 00:20:34]} {[%emt 00:01:31]} 45. Kf1 {[%clk 00:04:26]} {[%emt
00:01:17]} Bb7 {[%clk 00:20:30]} {[%emt 00:00:35]} 46. Qf4 {[%clk 00:04:20]}
{[%emt 00:00:35]} Bc6 {[%clk 00:17:36]} {[%emt 00:03:24]} 47. Qb8 {[%clk
00:03:39]} {[%emt 00:01:11]} Bb7 {[%clk 00:17:23]} {[%emt 00:00:44]} 48. Qf4
{[%clk 00:03:45]} {[%emt 00:00:23]} Bc6 {[%clk 00:17:17]} {[%emt 00:00:36]} 49.
Ke2 {[%clk 00:04:00]} {[%emt 00:00:14]} Bb7 {[%clk 00:17:28]} {[%emt 00:00:21]}
50. Kd2 {[%clk 00:04:24]} {[%emt 00:00:06]} Bc6 {[%clk 00:17:51]} {[%emt
00:00:06]} 51. Qg5 {[%clk 00:04:15]} {[%emt 00:00:39]} Bb7 {[%clk 00:18:00]}
{[%emt 00:00:22]} 52. Qf4 {[%clk 00:03:10]} {[%emt 00:01:34]} Bc6 {[%clk
00:18:21]} {[%emt 00:00:09]} 53. h5 {[%clk 00:02:22]} {[%emt 00:01:18]} g5
{[%clk 00:18:26]} {[%emt 00:00:25]} 54. Qxg5 {[%clk 00:02:29]} {[%emt
00:00:23]} Rxh6 {[%clk 00:18:47]} {[%emt 00:00:09]} 55. Qd8 {[%clk 00:02:35]}
{[%emt 00:00:23]} Re6 {[%clk 00:15:41]} {[%emt 00:03:36]} 56. Qg5 {[%clk
00:01:45]} {[%emt 00:01:21]} Rh6 {[%clk 00:15:28]} {[%emt 00:00:42]} 57. Be2
{[%clk 00:01:58]} {[%emt 00:00:18]} Rhf6 {[%clk 00:15:37]} {[%emt 00:00:20]} 58.
Bd3 {[%clk 00:02:15]} {[%emt 00:00:14]} Bd7 {[%clk 00:15:49]} {[%emt 00:00:17]}
59. Be2 {[%clk 00:02:08]} {[%emt 00:00:38]} Be6 {[%clk 00:15:27]} {[%emt
00:00:50]} 60. Bf3 {[%clk 00:02:18]} {[%emt 00:00:22]} Rf8 {[%clk 00:15:07]}
{[%emt 00:00:49]} 61. Qe3 {[%emt 00:01:52]} Bg8 {[%clk 00:14:03]} {[%emt
00:00:02]} 62. Qe7+ {[%clk 00:01:18]} {[%emt 00:01:40]} R8f7 {[%clk 00:13:47]}
{[%emt 00:00:47]} 63. Qe5 {[%clk 00:01:31]} {[%emt 00:00:17]} Rf8 {[%clk
00:13:08]} {[%emt 00:01:08]} 64. Bxd5 {[%clk 00:01:21]} {[%emt 00:00:41]} Bxd5
{[%clk 00:12:55]} {[%emt 00:00:43]} 65. Qxd5 {[%clk 00:01:50]} Kh6 {[%clk
00:12:48]} {[%emt 00:00:37]} 66. Qg2 {[%clk 00:00:52]} {[%emt 00:01:27]} f4
{[%clk 00:11:50]} {[%emt 00:01:29]} 67. Qg4 {[%clk 00:00:42]} {[%emt 00:00:40]}
f3 {[%clk 00:11:48]} {[%emt 00:00:32]} 68. Kd3 {[%clk 00:01:03]} {[%emt
00:00:09]} Re8 {[%clk 00:11:08]} {[%emt 00:01:09]} 69. c4 {[%clk 00:00:43]}
{[%emt 00:00:51]} bxc4+ {[%clk 00:11:09]} {[%emt 00:00:28]} 70. Kxc4 {[%clk
00:01:11]} {[%emt 00:00:03]} Rc6+ {[%clk 00:11:27]} {[%emt 00:00:12]} 71. Kd5
{[%clk 00:01:32]} {[%emt 00:00:08]} Rf6 {[%clk 00:11:36]} {[%emt 00:00:22]} 72.
Kc5 {[%clk 00:00:42]} {[%emt 00:01:20]} Re2 {[%clk 00:11:11]} {[%emt 00:00:55]}
73. Qg3 {[%clk 00:01:01]} {[%emt 00:00:11]} Rc2+ {[%clk 00:10:47]} {[%emt
00:00:53]} 74. Kd5 {[%clk 00:01:25]} {[%emt 00:00:06]} Re2 {[%clk 00:10:34]}
{[%emt 00:00:41]} 75. Kc4 {[%clk 00:01:00]} {[%emt 00:00:58]} Rc2+ {[%clk
00:10:42]} {[%emt 00:00:22]} 76. Kd3 {[%clk 00:00:54]} {[%emt 00:00:36]} Re2
{[%clk 00:11:00]} {[%emt 00:00:11]} 77. d5 {[%clk 00:00:58]} {[%emt 00:00:27]}
Re1 {[%clk 00:10:53]} {[%emt 00:00:35]} 78. Kd4 {[%clk 00:01:16]} {[%emt
00:00:14]} Kxh5 {[%clk 00:10:02]} {[%emt 00:01:21]} 79. Qg7 {[%clk 00:00:38]}
{[%emt 00:01:07]} Rf5 {[%clk 00:09:51]} {[%emt 00:00:38]} 80. Kc5 {[%clk
00:00:35]} {[%emt 00:00:36]} Ree5 {[%clk 00:09:17]} {[%emt 00:01:04]} 81. Qh7
{[%clk 00:00:39]} {[%emt 00:00:27]} Kg4 {[%clk 00:08:49]} {[%emt 00:00:57]} 82.
Qg6+ {[%clk 00:00:59]} {[%emt 00:00:10]} Kf4 {[%clk 00:08:41]} {[%emt
00:00:38]} 83. Qxa6 {[%clk 00:00:50]} {[%emt 00:00:40]} Rxd5+ {[%clk 00:09:03]}
{[%emt 00:00:08]} 84. Kc4 {[%clk 00:01:13]} {[%emt 00:00:06]} Rd1 {[%clk
00:08:49]} {[%emt 00:00:44]} 85. Qh6 {[%clk 00:01:18]} {[%emt 00:00:25]} Kg4
{[%clk 00:09:00]} {[%emt 00:00:19]} 86. a6 {[%clk 00:01:30]} {[%emt 00:00:20]}
Rf4+ {[%clk 00:08:47]} {[%emt 00:00:41]} 87. Kc5 {[%clk 00:01:00]} {[%emt
00:01:00]} Rc1+ {[%clk 00:05:43]} {[%emt 00:03:35]} 88. Kb5 {[%clk 00:01:12]}
{[%emt 00:00:17]} Rf5+ {[%clk 00:04:53]} {[%emt 00:01:21]} 89. Kb6 {[%clk
00:01:29]} {[%emt 00:00:11]} Rb1 {[%clk 00:04:59]} {[%emt 00:00:25]} 90. Qg6+
{[%clk 00:01:38]} {[%emt 00:00:21]} Kf4 {[%clk 00:04:44]} {[%emt 00:00:45]} 91.
Qd6+ {[%clk 00:01:55]} {[%emt 00:00:12]} Kg5 {[%clk 00:04:37]} {[%emt
00:00:39]} 92. a7 {[%clk 00:00:55]} {[%emt 00:01:31]} Ra1 {[%clk 00:04:45]}
{[%emt 00:00:21]} 93. Qe7+ {[%clk 00:00:38]} {[%emt 00:00:46]} Kh6 {[%clk
00:04:17]} {[%emt 00:00:58]} 94. b5 {[%clk 00:00:38]} {[%emt 00:00:31]} Ra4
{[%clk 00:04:00]} {[%emt 00:00:46]} 95. Qe6 {[%clk 00:00:49]} {[%emt 00:00:19]}
Kg5 {[%clk 00:04:16]} {[%emt 00:00:15]} 96. Qe3+ {[%clk 00:00:46]} {[%emt
00:00:32]} Kg4 {[%clk 00:04:10]} {[%emt 00:00:36]} 97. Qb3 {[%clk 00:00:41]}
{[%emt 00:00:36]} Ra1 {[%clk 00:03:45]} {[%emt 00:00:55]} 98. Qg8+ {[%clk
00:00:57]} {[%emt 00:00:13]} Rg5 {[%clk 00:03:59]} {[%emt 00:00:17]} 99. a8=Q
{[%clk 00:01:07]} {[%emt 00:00:20]} 1-0

[Event "XLIV Memoriał Szachowy Ludwika Zamenhofa 2025, Grupa B"]
[Site "Bialystok, Poland"]
[Date "2025.12.28"]
[Round "4.14"]
[White "Kicinska, Anna"]
[Black "Krajdocha, Konrad"]
[Result "0-1"]
[TimeControl "90'+30\""]
[WhiteElo "1901"]
[BlackElo "1736"]

1. d4 {[%clk 01:30:58]} {[%emt 00:00:03]} d5 {[%clk 01:30:58]} {[%emt
00:00:02]} 2. Nf3 {[%clk 01:31:21]} {[%emt 00:00:06]} Nf6 {[%clk 01:31:22]}
{[%emt 00:00:05]} 3. c3 {[%clk 01:31:49]} {[%emt 00:00:04]} c5 {[%clk
01:31:29]} {[%emt 00:00:23]} 4. Bf4 {[%clk 01:31:54]} {[%emt 00:00:24]} Nc6
{[%clk 01:31:51]} {[%emt 00:00:09]} 5. e3 {[%clk 01:32:12]} {[%emt 00:00:12]}
Qb6 {[%clk 01:32:03]} {[%emt 00:00:17]} 6. Qb3 {[%clk 01:28:53]} {[%emt
00:03:49]} c4 {[%clk 01:32:26]} {[%emt 00:00:08]} 7. Qxb6 {[%clk 01:28:12]}
{[%emt 00:01:11]} axb6 {[%clk 01:32:46]} {[%emt 00:00:10]} 8. Na3 {[%clk
01:14:42]} {[%emt 00:13:59]} Bf5 {[%clk 01:30:33]} {[%emt 00:02:43]} 9. Be2
{[%clk 01:08:25]} {[%emt 00:06:48]} e6 {[%clk 01:29:20]} {[%emt 00:01:42]} 10.
Nb5 {[%clk 01:07:55]} {[%emt 00:01:00]} Ra5 {[%clk 01:29:00]} {[%emt 00:00:51]}
11. Nd6+ {[%clk 01:02:59]} {[%emt 00:05:26]} Bxd6 {[%clk 01:28:54]} {[%emt
00:00:35]} 12. Bxd6 {[%clk 01:03:23]} {[%emt 00:00:07]} Ne4 {[%clk 01:28:18]}
{[%emt 00:01:06]} 13. Bb4 {[%clk 01:01:28]} {[%emt 00:02:24]} Nxb4 {[%clk
01:28:21]} {[%emt 00:00:28]} 14. cxb4 {[%clk 01:01:52]} {[%emt 00:00:06]} Ra4
{[%clk 01:28:22]} {[%emt 00:00:26]} 15. a3 {[%clk 01:01:09]} {[%emt 00:01:16]}
Ke7 {[%clk 01:28:29]} {[%emt 00:00:22]} 16. O-O {[%clk 00:55:09]} {[%emt
00:06:30]} Rha8 {[%clk 01:28:14]} {[%emt 00:00:44]} 17. Rac1 {[%clk 00:51:16]}
{[%emt 00:04:24]} c3 {[%clk 01:26:18]} {[%emt 00:02:26]} 18. bxc3 {[%clk
00:48:13]} {[%emt 00:03:34]} Rxa3 {[%clk 01:26:31]} {[%emt 00:00:17]} 19. c4
{[%clk 00:44:40]} {[%emt 00:04:03]} Nc3 {[%clk 01:26:36]} {[%emt 00:00:23]} 20.
Rfe1 {[%clk 00:32:47]} {[%emt 00:12:23]} Nxe2+ {[%clk 01:26:35]} {[%emt
00:00:33]} 21. Rxe2 {[%clk 00:33:13]} {[%emt 00:00:04]} Bd3 {[%clk 01:26:58]}
{[%emt 00:00:07]} 22. Ree1 {[%clk 00:32:55]} {[%emt 00:00:47]} dxc4 {[%clk
01:27:01]} {[%emt 00:00:27]} 23. e4 {[%clk 00:28:06]} {[%emt 00:05:20]} b5
{[%clk 01:26:28]} {[%emt 00:01:03]} 24. d5 {[%clk 00:28:09]} {[%emt 00:00:28]}
R8a4 {[%clk 01:26:25]} {[%emt 00:00:32]} 25. Red1 {[%clk 00:20:45]} {[%emt
00:07:53]} Rxb4 {[%clk 01:23:57]} {[%emt 00:02:58]} 26. h3 {[%clk 00:19:21]}
{[%emt 00:01:56]} Rab3 {[%clk 01:22:01]} {[%emt 00:02:24]} 27. Ne5 {[%clk
00:19:18]} {[%emt 00:00:33]} f6 {[%clk 01:21:51]} {[%emt 00:00:41]} 28. Nxd3
{[%clk 00:17:33]} {[%emt 00:02:16]} Rxd3 {[%clk 01:22:13]} {[%emt 00:00:06]} 29.
Rxd3 {[%clk 00:17:24]} {[%emt 00:00:40]} cxd3 {[%clk 01:22:34]} {[%emt
00:00:09]} 30. dxe6 {[%clk 00:16:29]} {[%emt 00:01:26]} Kxe6 {[%clk 01:22:51]}
{[%emt 00:00:12]} 31. Rd1 {[%clk 00:16:52]} {[%emt 00:00:07]} Rd4 {[%clk
01:23:03]} {[%emt 00:00:17]} 32. Kf1 {[%clk 00:17:04]} {[%emt 00:00:18]} Ke5
{[%clk 01:23:11]} {[%emt 00:00:23]} 33. f3 {[%clk 00:17:22]} {[%emt 00:00:13]}
Rd7 {[%clk 01:23:14]} {[%emt 00:00:26]} 34. Kf2 {[%clk 00:16:32]} {[%emt
00:01:21]} Kd4 {[%clk 01:23:34]} {[%emt 00:00:08]} 35. g4 {[%clk 00:12:54]}
{[%emt 00:04:09]} Kc3 {[%clk 01:23:44]} {[%emt 00:00:19]} 36. f4 {[%clk
00:13:16]} {[%emt 00:00:09]} Kc2 {[%clk 01:24:06]} {[%emt 00:00:08]} 37. Ke1
{[%clk 00:13:41]} {[%emt 00:00:06]} d2+ {[%clk 01:24:26]} {[%emt 00:00:09]} 38.
Ke2 {[%clk 00:14:08]} {[%emt 00:00:03]} Rd4 {[%clk 01:24:43]} {[%emt 00:00:13]}
0-1

[Event "XLIV Memoriał Szachowy Ludwika Zamenhofa 2025, Grupa B"]
[Site "Bialystok, Poland"]
[Date "2025.12.28"]
[Round "4.15"]
[White "Kozlowski, Kacper"]
[Black "Zareba, Maciej"]
[Result "0-1"]
[TimeControl "90'+30\""]
[WhiteElo "1764"]
[BlackElo "1890"]

1. e4 {[%clk 01:30:57]} {[%emt 00:00:02]} e6 {[%clk 01:27:17]} {[%emt
00:03:37]} 2. d4 {[%clk 01:31:22]} {[%emt 00:00:11]} d5 {[%clk 01:27:42]}
{[%emt 00:00:05]} 3. e5 {[%clk 01:31:48]} {[%emt 00:00:05]} c5 {[%clk
01:28:07]} {[%emt 00:00:04]} 4. c3 {[%clk 01:32:15]} {[%emt 00:00:03]} Nc6
{[%clk 01:28:00]} {[%emt 00:00:37]} 5. Nf3 {[%clk 01:32:40]} {[%emt 00:00:05]}
Bd7 {[%clk 01:28:21]} {[%emt 00:00:10]} 6. Be2 {[%clk 01:33:06]} {[%emt
00:00:04]} Nge7 {[%clk 01:28:44]} {[%emt 00:00:06]} 7. O-O {[%clk 01:33:19]}
{[%emt 00:00:18]} cxd4 {[%clk 01:28:47]} {[%emt 00:00:27]} 8. cxd4 {[%clk
01:33:45]} {[%emt 00:00:05]} Nf5 {[%clk 01:29:08]} {[%emt 00:00:08]} 9. Nc3
{[%clk 01:34:12]} {[%emt 00:00:03]} Rc8 {[%clk 01:29:20]} {[%emt 00:00:18]} 10.
Bg5 {[%clk 01:33:39]} {[%emt 00:01:02]} Qb6 {[%clk 01:29:37]} {[%emt 00:00:15]}
11. Na4 {[%clk 01:33:39]} {[%emt 00:00:29]} Qa5 {[%clk 01:29:58]} {[%emt
00:00:09]} 12. Bd2 {[%clk 01:32:02]} {[%emt 00:02:05]} Qd8 {[%clk 01:30:23]}
{[%emt 00:00:07]} 13. Bg5 {[%clk 01:31:49]} {[%emt 00:00:42]} Be7 {[%clk
01:30:47]} {[%emt 00:00:06]} 14. Bxe7 {[%clk 01:31:59]} {[%emt 00:00:20]} Qxe7
{[%clk 01:31:12]} {[%emt 00:00:06]} 15. Rc1 {[%clk 01:30:39]} {[%emt 00:01:49]}
O-O {[%clk 01:29:53]} {[%emt 00:01:49]} 16. g4 {[%clk 01:25:56]} {[%emt
00:05:13]} Nh4 {[%clk 01:21:45]} {[%emt 00:08:39]} 17. Nxh4 {[%clk 01:26:01]}
{[%emt 00:00:24]} Qxh4 {[%clk 01:22:11]} {[%emt 00:00:05]} 18. Nc5 {[%clk
01:25:43]} {[%emt 00:00:48]} Rc7 {[%clk 01:21:37]} {[%emt 00:01:04]} 19. f4
{[%clk 01:24:38]} {[%emt 00:01:35]} Qe7 {[%clk 01:20:21]} {[%emt 00:01:47]} 20.
Kh1 {[%clk 01:21:25]} {[%emt 00:03:41]} Rfc8 {[%clk 01:20:33]} {[%emt
00:00:19]} 21. Nxd7 {[%clk 01:21:00]} {[%emt 00:00:54]} Qxd7 {[%clk 01:18:52]}
{[%emt 00:02:12]} 22. f5 {[%clk 01:20:19]} {[%emt 00:01:10]} Nd8 {[%clk
01:12:07]} {[%emt 00:07:15]} 23. Rxc7 {[%clk 01:18:56]} {[%emt 00:01:53]} Qxc7
{[%clk 01:11:52]} {[%emt 00:00:46]} 24. Bd3 {[%clk 01:17:50]} {[%emt 00:01:35]}
Qb6 {[%clk 01:02:55]} {[%emt 00:09:28]} 25. Qf3 {[%clk 01:07:58]} {[%emt
00:10:21]} Qxd4 {[%clk 00:57:58]} {[%emt 00:05:27]} 26. fxe6 {[%clk 01:07:25]}
{[%emt 00:01:03]} Rc7 {[%clk 00:58:12]} {[%emt 00:00:17]} 27. exf7+ {[%clk
00:53:08]} {[%emt 00:14:48]} Rxf7 {[%clk 00:57:31]} {[%emt 00:01:10]} 28. Qg3
{[%clk 00:51:39]} {[%emt 00:01:55]} Rxf1+ {[%clk 00:57:00]} {[%emt 00:01:07]}
29. Bxf1 {[%clk 00:52:05]} {[%emt 00:00:03]} Qxb2 {[%clk 00:56:10]} {[%emt
00:01:19]} 30. Qh4 {[%clk 00:51:19]} {[%emt 00:01:16]} Nc6 {[%clk 00:55:21]}
{[%emt 00:01:20]} 31. e6 {[%clk 00:49:38]} {[%emt 00:02:10]} Qe5 {[%clk
00:54:54]} {[%emt 00:00:57]} 32. Bd3 {[%clk 00:47:57]} {[%emt 00:02:11]} g6
{[%clk 00:54:28]} {[%emt 00:00:57]} 33. Qf2 {[%clk 00:46:58]} {[%emt 00:01:28]}
Qxe6 {[%clk 00:54:24]} {[%emt 00:00:34]} 34. g5 {[%clk 00:46:30]} {[%emt
00:00:59]} Qe5 {[%clk 00:51:31]} {[%emt 00:03:23]} 35. h4 {[%clk 00:46:45]}
{[%emt 00:00:14]} Nb4 {[%clk 00:41:19]} {[%emt 00:10:42]} 36. Be2 {[%clk
00:43:35]} {[%emt 00:03:40]} b6 {[%clk 00:38:10]} {[%emt 00:03:40]} 37. Bf3
{[%clk 00:42:53]} {[%emt 00:01:12]} Kg7 {[%clk 00:35:29]} {[%emt 00:03:11]} 38.
a3 {[%clk 00:41:22]} {[%emt 00:02:00]} Nd3 {[%clk 00:35:26]} {[%emt 00:00:34]}
39. Qd2 {[%clk 00:41:00]} {[%emt 00:00:52]} Qd4 {[%clk 00:33:41]} {[%emt
00:02:14]} 40. Qe2 {[%clk 00:40:52]} {[%emt 00:00:38]} Qxh4+ {[%clk 00:33:55]}
{[%emt 00:00:16]} 41. Kg1 {[%clk 00:41:16]} {[%emt 00:00:07]} Qxg5+ {[%emt
00:00:10]} 0-1

[Event "XLIV Memoriał Szachowy Ludwika Zamenhofa 2025, Grupa B"]
[Site "Bialystok, Poland"]
[Date "2025.12.28"]
[Round "4.16"]
[White "Widelski, Kacper"]
[Black "Rabiej, Mateusz"]
[Result "1-0"]
[TimeControl "90'+30\""]
[WhiteElo "1874"]
[BlackElo "1722"]

1. e4 {[%clk 01:30:59]} c5 {[%clk 01:30:59]} {[%emt 00:00:01]} 2. Nf3 {[%clk
01:31:02]} {[%emt 00:00:27]} e6 {[%clk 01:31:25]} {[%emt 00:00:04]} 3. d4
{[%clk 01:31:18]} {[%emt 00:00:14]} cxd4 {[%clk 01:31:49]} {[%emt 00:00:07]} 4.
Nxd4 {[%clk 01:31:42]} {[%emt 00:00:05]} Nf6 {[%clk 01:32:18]} {[%emt
00:00:02]} 5. Nc3 {[%clk 01:31:58]} {[%emt 00:00:13]} Nc6 {[%clk 01:32:44]}
{[%emt 00:00:04]} 6. g3 {[%clk 01:31:57]} {[%emt 00:00:32]} Bb4 {[%clk
01:29:27]} {[%emt 00:03:46]} 7. Bg2 {[%clk 01:31:50]} {[%emt 00:00:37]} d5
{[%clk 01:28:42]} {[%emt 00:01:16]} 8. exd5 {[%clk 01:31:46]} {[%emt 00:00:33]}
Nxd5 {[%clk 01:28:13]} {[%emt 00:01:00]} 9. O-O {[%clk 01:31:25]} {[%emt
00:00:50]} Bxc3 {[%clk 01:21:54]} {[%emt 00:06:49]} 10. Nxc6 {[%clk 01:31:34]}
{[%emt 00:00:22]} bxc6 {[%clk 01:22:18]} {[%emt 00:00:06]} 11. bxc3 {[%clk
01:31:47]} {[%emt 00:00:17]} Ba6 {[%clk 01:21:25]} {[%emt 00:01:22]} 12. c4
{[%clk 01:31:26]} {[%emt 00:00:52]} Bxc4 {[%clk 01:21:03]} {[%emt 00:00:52]} 13.
Re1 {[%clk 01:31:36]} {[%emt 00:00:20]} O-O {[%clk 01:21:09]} {[%emt 00:00:23]}
14. Ba3 {[%clk 01:31:47]} {[%emt 00:00:19]} Qa5 {[%clk 01:12:08]} {[%emt
00:09:31]} 15. Bxf8 {[%clk 01:31:08]} {[%emt 00:01:09]} Rxf8 {[%clk 01:12:08]}
{[%emt 00:00:29]} 16. a3 {[%clk 01:18:22]} {[%emt 00:13:17]} Rd8 {[%clk
01:05:08]} {[%emt 00:07:29]} 17. Qd4 {[%clk 01:13:06]} {[%emt 00:05:47]} Ba6
{[%clk 01:03:38]} {[%emt 00:02:01]} 18. Qxa7 {[%clk 01:10:51]} {[%emt
00:02:45]} Qa4 {[%clk 01:00:26]} {[%emt 00:03:41]} 19. Rad1 {[%clk 01:04:42]}
{[%emt 00:06:38]} Bb5 {[%clk 01:00:06]} {[%emt 00:00:52]} 20. Qxa4 {[%clk
01:04:33]} {[%emt 00:00:39]} Bxa4 {[%clk 01:00:34]} {[%emt 00:00:01]} 21. c4
{[%clk 01:04:42]} {[%emt 00:00:21]} Bxd1 {[%clk 01:00:18]} {[%emt 00:00:47]} 22.
Rxd1 {[%clk 01:05:05]} {[%emt 00:00:06]} Ra8 {[%clk 01:00:34]} {[%emt
00:00:15]} 23. cxd5 {[%clk 01:05:25]} {[%emt 00:00:10]} cxd5 {[%clk 01:00:42]}
{[%emt 00:00:22]} 24. Ra1 {[%clk 01:05:21]} {[%emt 00:00:33]} Kf8 {[%clk
01:01:03]} {[%emt 00:00:09]} 25. a4 {[%clk 01:05:30]} {[%emt 00:00:21]} Ra5
{[%clk 01:01:25]} {[%emt 00:00:08]} 26. Bf1 {[%clk 01:05:46]} {[%emt 00:00:14]}
f5 {[%clk 01:01:00]} {[%emt 00:00:55]} 27. Bb5 {[%clk 01:06:09]} {[%emt
00:00:07]} Ke7 {[%clk 01:01:20]} {[%emt 00:00:10]} 28. f4 {[%clk 01:06:19]}
{[%emt 00:00:20]} Kd6 {[%clk 01:01:34]} {[%emt 00:00:17]} 29. Kf2 {[%clk
01:06:07]} {[%emt 00:00:41]} e5 {[%clk 01:01:23]} {[%emt 00:00:42]} 30. fxe5+
{[%clk 01:06:30]} {[%emt 00:00:07]} Kxe5 {[%clk 01:01:51]} 31. Re1+ {[%clk
01:05:38]} {[%emt 00:01:21]} Kd6 {[%clk 01:02:15]} {[%emt 00:00:07]} 32. Ke3
{[%clk 01:05:13]} {[%emt 00:00:55]} g5 {[%clk 01:02:37]} {[%emt 00:00:08]} 33.
Kd4 {[%clk 01:04:55]} {[%emt 00:00:48]} Ra7 {[%clk 01:02:38]} {[%emt 00:00:29]}
34. Re5 {[%clk 01:05:18]} {[%emt 00:00:07]} Rf7 {[%clk 01:03:00]} {[%emt
00:00:07]} 35. Rxd5+ {[%clk 01:05:41]} {[%emt 00:00:07]} Kc7 {[%clk 01:03:21]}
{[%emt 00:00:11]} 36. Rd7+ {[%clk 01:04:14]} {[%emt 00:01:58]} Rxd7+ {[%clk
01:03:49]} {[%emt 00:00:02]} 37. Bxd7 {[%clk 01:04:38]} {[%emt 00:00:06]} Kxd7
{[%clk 01:04:13]} {[%emt 00:00:07]} 38. Ke5 {[%clk 01:05:02]} {[%emt 00:00:05]}
f4 {[%clk 01:04:39]} {[%emt 00:00:03]} 39. gxf4 {[%clk 01:05:26]} {[%emt
00:00:06]} gxf4 {[%clk 01:04:58]} {[%emt 00:00:13]} 40. Kxf4 {[%clk 01:05:50]}
{[%emt 00:00:05]} Kc6 {[%clk 01:05:23]} {[%emt 00:00:05]} 41. Kg5 {[%clk
01:06:13]} {[%emt 00:00:07]} Kb6 {[%clk 01:05:48]} {[%emt 00:00:06]} 42. Kh6
{[%clk 01:06:35]} {[%emt 00:00:07]} Ka5 {[%clk 01:06:15]} {[%emt 00:00:04]} 43.
Kxh7 {[%clk 01:06:59]} {[%emt 00:00:05]} Kxa4 {[%clk 01:06:42]} {[%emt
00:00:03]} 44. h4 {[%clk 01:07:21]} {[%emt 00:00:08]} 1-0